Bill of Rights - Statistics

General Stats
  • This quiz has been taken 49 times
  • The average score is 8 of 15
Answer Stats
Hint Answer % Correct
amendment deals with the right to bear arms second
88%
the 4th amendment says police must have this in order to search and seizures warrant
83%
no quartering of troops describes the __ amendment third
81%
freedom of speech, religion, assembly, petition, and press is associated with the __ amendment first
79%
word for cannot be charged for the same crime twice double jeopardy
67%
the first 10 amendments in the constitution are called the bill of rights
64%
rights reserved to the people are associated with this amendment ninth
57%
death penalty being illegal toward teens is protected by the __ amendment eighth
55%
the right a civil trial or suit is associated with the __ amendment seventh
52%
the sixth amendment guarantees a persons right to a speedy trial and right to an attorney or __ lawyer
40%
what part of the 1st amendment allows you to practice christianity, islam, or judaism without persecution religion
33%
the group of people who determine if there is enough evidence for a trial is called a grand jury
31%
the right to remain silent and not admit you did a crime is called self incrimination
31%
when the government must pay you for your private property to be used for public use is called eminent domain
21%
__ are powers given to the states found in the 10th amendment reserved
21%
No matching quizzes found
Score Distribution
Percent of People with Each Score
Percentile by Number Answered
Your Score History
You have not taken this quiz